| 000 | 00480nam a22001577a 4500 | ||
|---|---|---|---|
| 003 | SGT | ||
| 020 | _a8176841889 | ||
| 082 |
_a621.319 _bSIN |
||
| 100 | _aSINHA,UMESH | ||
| 245 |
_aTRANSMISSION LINES AND NETWORKS _bNETWORKS, FILTERS & TRANSMISSION LINES |
||
| 260 |
_aNEW DELHI _bSATYA PRAKASHAN _c2014 |
||
| 300 | _a760 | ||
| 650 | _aELECTRICAL ENGINEERING | ||
| 653 | _aNETWORKS, TRANSMISSIONTELEGAPH AND TELEPHONE LINES,ULTRA HIGH FREQUENCY LINES,WAVEGUIDES, | ||
| 942 |
_2ddc _cBK |
||
| 999 |
_c8196 _d8196 |
||